| 000 | 00660nam a2200241 a 4500 | ||
|---|---|---|---|
| 005 | 20210219153055.0 | ||
| 008 | 991125n 000 0 u | ||
| 035 | _aUPN01000076457 | ||
| 100 | _aPearson, James | ||
| 222 | _aJOURNAL OF CORRECTIONAL EDUCATION | ||
| 245 | _aEnhancing vocabulary and spelling proficiencies in prison education | ||
| 300 | _a134-137 | ||
| 362 | _a42, No. 3, 1991 | ||
| 505 | _aMarzo 1992 | ||
| 653 | 0 | _aDEFINICIONES | |
| 653 | 0 | _aDELETREO | |
| 653 | 0 | _aEDUCACION CORRECTIVA | |
| 653 | 0 | _aLISTAS DE PALABRAS | |
| 653 | 0 | _aRECORDAR (PSICOLOGIA) | |
| 653 | 0 | _aVOCABULARIO | |
| 904 |
_aAC _b014268 |
||
| 905 | _aArticulo | ||
| 999 |
_c67797 _d67797 |
||